000 01427cam a2200289 a 4500
001 15534571
003 ARRUPE
005 20150217113541.0
008 081125s2009 inu b 000 0 eng
010 _a 2008051318
020 _a9780268042332 (pbk. : alk. paper)
020 _a0268042330 (pbk. : alk. paper)
035 _a(OCoLC)ocn277040882
040 _aDLC
_cDLC
_dBTCTA
_dYDXCP
_dC#P
_dBWX
_dCDX
_dPKT
_dDLC
050 0 0 _aBV210.3
_b.T48 2009
082 0 0 _a248.3/2
_222
100 1 _aThurston, Bonnie Bowman.
_915136
245 1 0 _aFor God alone :
_ba primer on prayer /
_cBonnie Thurston.
260 _aLondon :
_bDarton, Longman and Todd,
_cc2009.
300 _aviii, 227 p. ;
_c22 cm.
504 _aIncludes bibliographical references (p. [220]-227).
505 0 _aPrayer : toward a definition -- Oratio : praying with words -- Praying the Word : lectio divina -- Prayer : toward an anthropology -- Praying the name : the Jesus prayer -- Praying with the body : some exercises -- Prayer : toward a cosmology -- Prayer : toward contemplatio -- Praying contemplatively : the prayer of waiting.
650 0 _aPrayer
_xChristianity.
_99439
906 _a7
_bcbc
_corignew
_d1
_eecip
_f20
_gy-gencatlg
942 _2lcc
_cMONOGRAPH
999 _c122048
_d122048